| 000 | 00759cab a2200253 4500 | ||
|---|---|---|---|
| 001 | WB3333-10 | ||
| 008 | 090401t1997 xxu||||| |||| 00| 0 eng d | ||
| 035 | _a(Sirsi) u80394 | ||
| 041 | _aeng | ||
| 245 | _aAir terminal development | ||
| 260 | _c1997 | ||
| 350 | _a0 | ||
| 490 |
_aTimes _v21 August 1997, 23 |
||
| 490 |
_aIndependent _v21 August 1997, 18(1) |
||
| 520 | _aResidential property developer, Regalian, is to convert the former West London Air Terminal building into residential apartments. | ||
| 650 | _aAIRPORTS | ||
| 650 | _aPOINT WEST | ||
| 650 | _aREGALIAN PROPERTIES | ||
| 650 | _aRESIDENTIAL CONVERSIONS | ||
| 650 | _aWEST LONDON AIR TERMINAL | ||
| 690 | _aPROPERTY-COMMERCIAL PROPERTY | ||
| 942 | _n0 | ||
| 948 | _c21/08/1997 | ||
| 999 |
_c50625 _d50625 |
||